| 000 | 02212nam0a2200409 4500 | ||
|---|---|---|---|
| 001 | RU\NLR\bibl\1267060 | ||
| 005 | 20260407090407.0 | ||
| 010 |
_a5-93078-167-2 _91000 |
||
| 021 |
_aRU _b2008-50304 _92786 |
||
| 035 | _a(NLR Aleph) 001252969 | ||
| 090 |
_a330792 _c330793 |
||
| 100 | _a20080829d2008 |||y0rusy50 ca | ||
| 101 | 0 | _arus | |
| 102 | _aRU | ||
| 105 | _aa ||||||||| | ||
| 200 | 1 |
_aСвято-Успенский Второ-Афонский Бештаугорский монастырь _dSvyato-Uspenskiy Vtoro-Afonskiy Beshtaugorskiy monastir _e[исторический очерк] _fИлья Илиади, Александра Коваленко _zeng |
|
| 205 | _a2-е изд., стер. | ||
| 210 |
_aСтаврополь _cСтавропольсервисшкола _d2008 |
||
| 215 |
_a360 с. _cил. _d22 |
||
| 300 | _aАвт. также на англ. яз.: Iliya Iliady, Aleksandra Kovalenko | ||
| 300 | _aНа авантит.: 200-летию Кавк. Минер. Вод посвящается | ||
| 320 | _aУказ. терминов: с. 339-344 | ||
| 320 | _aУказ. имен: с. 345-350 | ||
| 510 | 0 |
_6z33790 _aSvyato-Uspenskiy Vtoro-Afonskiy Beshtaugorskiy monastir _zeng |
|
| 601 | 0 | 2 |
_aСвято-Успенский Второ-Афонский Бештаугорский монастырь _92299132 _3RU\NLR\auth\661376581 |
| 686 | _aЭ372.24-647.2 | ||
| 700 | 1 |
_4070 _8rus _7ca _aИлиади _bИ. Х. _f1946- _gИлья Харлампович _3RU\NLR\auth\7772501 _955429 |
|
| 701 | 1 |
_4070 _8rus _7ca _aКоваленко _bА. Н. _gАлександра Николаевна _3RU\NLR\auth\7772511 _955439 |
|
| 712 | 0 | 2 |
_4570 _aСвято-Успенский Второ-Афонский Бештаугорский монастырь _3RU\NLR\AUTH\8810047892 _9595819 |
| 790 | 1 |
_4070 _8rus _7ba _aIliadi _bI. Ch. _f1946- _gIl'ja Charlampovič _3RU\NLR\auth\7772509 _955437 |
|
| 790 | 1 |
_4070 _8rus _7ba _aKovalenko _bA. N. _gAleksandra Nikolaevna _3RU\NLR\auth\7772513 _955441 |
|
| 801 | 0 |
_aRU _bNLR _c20030819 _gPSBO |
|
| 801 | 1 |
_aRU _bNLR _c20030819 |
|
| 942 | _cBOOK | ||
| 980 | _aNB | ||